Music Quiz

Random Music Quiz

Kylie Minogue Singles 1987 - 2014 Quiz Stats

 Plays Quiz not verified by Sporcle

Score 0/60 Timer 10:00
0 Plays Today
Hint Answer % Correct
1987Locomotion
94.2%
1987I Should Be So Lucky
93.5%
2001Can't Get You Out Of My Head
92.5%
2000Spinning Around
89.7%
1990Better The Devil You Know
88.8%
2003Slow
86.2%
1994Confide In Me
84.3%
2004Chocolate
84.1%
2000On A Night Like This
83.6%
2000Kids (with Robbie Williams)
83.6%
2012On A Night Like This (The Abbey Road Sessions)
83.6%
2010All The Lovers
83.4%
1988Especially For You (with Jason Donovan)
83.2%
2002In Your Eyes
82.9%
1989Hand On Your Heart
82.5%
2008Wow
81.8%
20072 Hearts
81.5%
2002Love at First Sight
81.3%
2004Red Blooded Woman
81.1%
2002Come Into My World
79.2%
2004I Believe In You
78.7%
2014Into the Blue
77.3%
1991Shocked
77.1%
1988Got To Be Certain
76.6%
1990Step Back In Time
75.9%
1990Tears On My Pillow
74.1%
2008In My Arms
73.6%
1995Where The Wild Roses Grow (with Nick Cave & The Bad Seeds)
73.1%
2010Get Outta My Way
72.9%
2014I Was Gonna Cancel
72.8%
Hint Answer % Correct
1994Put Yourself In My Place
72.7%
1989Never Too Late
68.9%
1992Celebration
68.7%
1992Give Me Just A Little More Time
67.3%
1998Breathe
67.3%
2000Please Stay
66.1%
1988Je Ne Sais Pas Pourquoi
65.9%
1997Did It Again
65.7%
2001Your Disco Needs You
65.4%
1991What Do I Have To Do
64.7%
2005Giving You Up
64.5%
2008The One
64.3%
2012Timebomb
63.6%
1989Wouldn't Change a Thing
62.9%
1992Finer Feelings
59.3%
2012Flower
57%
2010Better Than Today
56.8%
1991Word Is Out
56.1%
1991If You Were With Me Now (with Keith Washington)
55.4%
1988Turn It Into Love
54.9%
2010Higher (with Taio Cruz)
54.7%
1997Some Kind of Bliss
54.2%
2011Put Your Hands Up (If You Feel Love)
54.2%
1998Cowboy Style
52.3%
1988It's No Secret
51.2%
1992What Kind of Fool (Heard All That Before)
51.2%
1995Where Is The Feeling?
49.3%
2008All I See
47%
1998GBI: German Bold Italic (with Towa Tei)
46.5%
2014Crystallize
41.3%

You're not logged in!

Compare scores with friends on all Sporcle quizzes.
OR
Log In

Show Comments

Extras

Top Quizzes Today


Score Distribution

Your Account Isn't Verified!

In order to create a playlist on Sporcle, you need to verify the email address you used during registration. Go to your Sporcle Settings to finish the process.

Report this User

Report this user for behavior that violates our Community Guidelines.

Details: